Pays visités dans les films Ghibli sur une carte du monde - Statistiques

Statistiques générales
  • Ce quiz a été pris 892 fois
  • Le résultat moyen est 4 sur 8
Réponses sur la Carte
Les réponses sont colorées sur une échelle allant du rouge au vert en fonction du pourcentage des utilisateurs qui les ont devinées à leur premier essai. Vous pouvez retrouver ces pourcentages ci-dessous.
 
Statistiques - réponses
Indices Pays % Correct
Mon voisin Totoro Japon
97%
Le Château ambulant France
84%
Si tu tends l'oreille Italie
77%
Le vent se lève Allemagne
62%
Kiki la petite sorcière Suède
19%
Le Voyage de Chihiro Taiwan
14%
Porco Rosso Croatie
12%
La Tortue rouge Seychelles
2%
Aucun quiz correspondant
Distribution des résultats
% des personnes avec chaque résultat
Percentile par nombre de réponses
Votre historique - résultats
Vous n’avez pas pris ce quiz